|
|
|
|
| LEADER |
00000nam a22000007a 4500 |
| 008 |
191206b2009 cr ||||| |||| 00| | spa d |
| 999 |
|
|
|c 3820
|d 3820
|
| 090 |
|
|
|a 06.05.01
|b 1286
|
| 100 |
|
|
|9 2146
|a Jara Quesada, Isabel
|
| 245 |
1 |
0 |
|a Taller de redacción y destrezas de la escritura de artículos científicos dirigido a investigadores e investigadoras de la Universidad de Costa Rica /
|c Isabel Jara
|
| 260 |
|
|
|a San José, Costa Rica :
|b INIE,
|c 2009
|
| 300 |
|
|
|a 56 páginas
|
| 500 |
|
|
|a Informe de proyecto de Acción Social ED-2563.
|
| 650 |
1 |
4 |
|9 1470
|a CURSOS DE CAPACITACIÓN
|
| 650 |
1 |
4 |
|9 1189
|a ESCRITURA
|
| 650 |
1 |
4 |
|9 163
|a INVESTIGACIÓN
|
| 650 |
1 |
4 |
|9 674
|a LINGÜISTICA
|
| 942 |
|
|
|i 002427
|h 06.05.01 1286
|2 z
|c 04
|